|
|
|
|
| LEADER |
00893nam a2200325 4500 |
| 001 |
DLU090065449 |
| 005 |
##20090326 |
| 040 |
# |
# |
|a DLU
|b vie
|
| 041 |
# |
# |
|a vie
|
| 044 |
# |
# |
|a vn
|
| 082 |
# |
# |
|a 650.1
|b Kyn
|
| 245 |
# |
# |
|a Kỹ năng làm việc của những người thành công /
|c Tôn Vĩnh Khang, Hồng Nhung biên soạn.
|
| 246 |
# |
# |
|a Kĩ năng làm việc của những người thành công.
|
| 260 |
# |
# |
|a H. :
|b Nxb. Hà nội,
|c 2008.
|
| 300 |
# |
# |
|a 331 tr. ;
|c 21 cm.
|
| 653 |
# |
# |
|a Bí quyết thành công
|
| 653 |
# |
# |
|a Nghệ thuật sống
|
| 700 |
# |
# |
|a Hồng Nhung,
|e biên soạn.
|
| 700 |
# |
# |
|a Tôn Vĩnh Khang,
|e biên soạn.
|
| 923 |
# |
# |
|a 22/2008
|
| 991 |
# |
# |
|a SH
|
| 992 |
# |
# |
|a 45000
|
| 994 |
# |
# |
|a DLU
|
| 900 |
# |
# |
|a True
|
| 911 |
# |
# |
|a Đào Thị Thu Huyền
|
| 925 |
# |
# |
|a G
|
| 926 |
# |
# |
|a A
|
| 927 |
# |
# |
|a SH
|
| 980 |
# |
# |
|a Thư viện Trường Đại học Đà Lạt
|